Văn hóa tín ngưỡng Tày các bài Mo chủ hộ - chủ họ - nghi lễ Then tảo mộ
Giới thiệu các bài mo (bài cúng) dành cho chủ hộ, chủ họ của dân tộc Tày. Những bài Then có tính thủ tục bắt buộc phải hát đầu tiên cho mọi lần đi cúng của một vị pháp sư - hát nghi thức cúng lễ cho các gia đình không thuộc dòng họ làm Then. Những bài Then nghi lễ cúng tảo mộ của người Tày...
Đã lưu trong:
| Tác giả chính: | |
|---|---|
| Định dạng: | Sách |
| Ngôn ngữ: | Vietnamese |
| Được phát hành: |
H.
Văn hoá Thông tin
2014
|
| Những chủ đề: | |
| Các nhãn: |
Thêm thẻ
Không có thẻ, Là người đầu tiên thẻ bản ghi này!
|
| Thư viện lưu trữ: | Mạng thư viện Đại học Đà Nẵng |
|---|
| LEADER | 01925aam a22004458a 4500 | ||
|---|---|---|---|
| 001 | 000020690 | ||
| 003 | 17137 | ||
| 005 | 20150331100307.0 | ||
| 008 | 150325s2014 viesd | ||
| 020 | |d 2000b | ||
| 041 | 0 | |a vie | |
| 082 | 0 | 4 | |2 23 |a 398.08995919 |b MA-V |
| 100 | 1 | |a Ma Văn Vịnh | |
| 245 | 1 | 0 | |a Văn hóa tín ngưỡng Tày |b các bài Mo chủ hộ - chủ họ - nghi lễ Then tảo mộ |c Ma Văn Vịnh |
| 260 | |a H. |b Văn hoá Thông tin |c 2014 | ||
| 300 | |a 355 tr. |b ảnh |c 21 cm. | ||
| 500 | |a ĐTTS ghi: Hội Văn nghệ dân gian Việt Nam | ||
| 504 | |a Thư mục: tr. 339-345 | ||
| 520 | |a Giới thiệu các bài mo (bài cúng) dành cho chủ hộ, chủ họ của dân tộc Tày. Những bài Then có tính thủ tục bắt buộc phải hát đầu tiên cho mọi lần đi cúng của một vị pháp sư - hát nghi thức cúng lễ cho các gia đình không thuộc dòng họ làm Then. Những bài Then nghi lễ cúng tảo mộ của người Tày | ||
| 546 | |a Chính văn bằng 2 thứ tiếng: Tày - Việt | ||
| 650 | 0 | 4 | |2 Bộ TK TVQG |a Văn học tín ngưỡng |x Dân tộc Tày |z Việt Nam |
| 650 | 7 | |2 Bộ TK TVQG | |
| 650 | 7 | |2 Bộ TK TVQG | |
| 651 | 7 | |2 Bộ TK TVQG |a Việt Nam | |
| 653 | |a Bài mo | ||
| 653 | |a Nghi lễ Then | ||
| 653 | |a Dân tộc Tày | ||
| 653 | |a Tín ngưỡng dân gian | ||
| 653 | |a Văn học dân gian | ||
| 655 | 7 | |2 Bộ TK TVQG |a Văn khấn | |
| OWN | |a LSP | ||
| AVA | |a UDN50 |b LSP |d 398.08995919 MA-V |e available |t Error 5001 Not defined in file expand_doc_bib_avail. |f 1 |g 0 |h N |i 0 |k 1 | ||
| 999 | |a From the UDN01 | ||
| AVA | |a UDN50 |b LSP |d 398.08995919 MA-V |e available |t Error 5001 Not defined in file expand_doc_bib_avail. |f 1 |g 0 |h N |i 0 |k 1 | ||
| TYP | |a Monograph | ||
| TYP | |a Printed language | ||
| 980 | |a Mạng thư viện Đại học Đà Nẵng | ||